[Event "Sunway Sitges Online KO"]
[Site "chess.com INT"]
[Date "2020.04.28"]
[Round "1.1"]
[White "Adly, Ahmed"]
[Black "Thybo, Jesper Sondergaard"]
[Result "1/2-1/2"]
[WhiteTitle "GM"]
[BlackTitle "GM"]
[WhiteElo "2615"]
[BlackElo "2590"]
[WhiteFideId "10601619"]
[BlackFideId "1438832"]
[EventDate "2020.04.28"]

1. Nf3 d5 2. g3 Nf6 3. Bg2 c5 4. O-O Nc6 5. d4 cxd4 6. Nxd4 e5 7. Nxc6 bxc6 8.
c4 Be6 9. Nc3 Rc8 10. Qa4 d4 11. Ne4 Nxe4 12. Bxe4 Qd7 13. f4 f5 14. Bg2 e4 15.
b3 c5 16. Qxd7+ Bxd7 17. e3 Be7 18. Bb2 Bf6 19. Rfd1 d3 20. Bxf6 gxf6 21. Kf2 h5
22. Rg1 Ke7 23. Ke1 a5 24. Kd2 Rb8 25. Kc3 Rbg8 26. Bh3 Be6 27. a3 h4 28. gxh4
Rxg1 29. Rxg1 Rxh4 30. Rg3 Kd6 31. a4 Ke7 32. Kd2 Bf7 33. Bxf5 Rxh2+ 34. Kc1 Bh5
35. Bg4 Bxg4 36. Rxg4 Re2 37. Rg7+ Ke6 38. Rc7 Rxe3 39. Rxc5 Re1+ 40. Kd2 Re2+
41. Kd1 Rb2 42. f5+ Ke7 43. Rd5 Rxb3 44. Rd4 Rb1+ 45. Kd2 Rb2+ 46. Kd1 Re2 47.
c5 Rc2 48. Rxe4+ Kf7 49. Rf4 Rxc5 50. Kd2 Rd5 51. Rg4 Ke7 52. Re4+ Kd7 53. Re3
Rxf5 54. Rxd3+ Kc6 55. Rc3+ Rc5 56. Rf3 f5 57. Kd3 Re5 58. Rh3 Kc5 59. Rh4 Rd5+
60. Ke3 Rd1 61. Rh5 Kb4 62. Rxf5 Kxa4 63. Ke2 Rd6 64. Rf8 Ka3 65. Rb8 a4 66. Rb7
Ka2 67. Rb8 a3 68. Rb7 Ka1 69. Rb8 a2 70. Rb7 Rd8 71. Rb6 Rh8 72. Kd2 Rh1 73.
Kc2 Rh2+ 74. Kc1 Rh1+ 75. Kc2 Rh2+ 76. Kc1 Rh1+ 77. Kc2 1/2-1/2

[Event "Sunway Sitges Online KO"]
[Site "chess.com INT"]
[Date "2020.04.28"]
[Round "1.1"]
[White "Bachmann, Axel"]
[Black "Anisimov, Pavel2"]
[Result "1-0"]
[WhiteTitle "GM"]
[BlackTitle "GM"]
[WhiteElo "2599"]
[BlackElo "2527"]
[WhiteFideId "3700488"]
[BlackFideId "4135229"]
[EventDate "2020.04.28"]

1. c4 e5 2. Nc3 d6 3. g3 f5 4. d4 exd4 5. Qxd4 Nc6 6. Qd2 Nf6 7. Bg2 g6 8. b3
Bg7 9. Bb2 O-O 10. Nh3 h6 11. Nf4 g5 12. Nfd5 Be6 13. Nb5 Rc8 14. Nxf6+ Bxf6 15.
Bxc6 bxc6 16. Nxa7 Ra8 17. Nxc6 Qd7 18. Nd4 Bf7 19. Nf3 Bxb2 20. Qxb2 Qe7 21.
O-O Rae8 22. Rae1 Bh5 23. Nd4 Qf6 24. Qd2 f4 25. f3 Bg6 26. e4 fxg3 27. hxg3 Kh7
28. g4 h5 29. gxh5 Bxh5 30. Re2 Bg6 31. Rh2+ Kg7 32. Rg2 Re5 33. Rff2 Rh8 34.
Rg3 Rh5 35. Rfg2 Kh7 36. Rh2 Rxh2 37. Kxh2 Rc5 38. Kg2 Kg8 39. a4 Qe5 40. Nb5
Kf7 41. a5 Bxe4 42. fxe4 Qxe4+ 43. Kg1 Rf5 44. Nc3 Qe5 45. Qd5+ Qxd5 46. Nxd5 c6
47. a6 Re5 48. Re3 1-0

[Event "Sunway Sitges Online KO"]
[Site "chess.com INT"]
[Date "2020.04.28"]
[Round "1.1"]
[White "Das, Sayantan"]
[Black "Vrolijk, Liam"]
[Result "0-1"]
[WhiteTitle "IM"]
[BlackTitle "IM"]
[WhiteElo "2431"]
[BlackElo "2502"]
[WhiteFideId "5034426"]
[BlackFideId "1048333"]
[EventDate "2020.04.28"]

1. e4 e5 2. Nf3 Nc6 3. Bb5 a6 4. Ba4 Nf6 5. d4 exd4 6. O-O Be7 7. e5 Ne4 8. Nxd4
O-O 9. Nf5 d5 10. Bxc6 bxc6 11. Nxe7+ Qxe7 12. Re1 Bf5 13. f3 Nc5 14. b3 Ne6 15.
Ba3 c5 16. Qxd5 Bxc2 17. Qc4 Bf5 18. Nc3 Rfd8 19. Rad1 Qg5 20. Nd5 c6 21. Ne3
Rxd1 22. Nxd1 Nf4 23. g3 Nd3 24. Re2 Rd8 25. Nf2 Nxf2 26. Rxf2 Bh3 27. Qc2 Qxe5
28. Qc1 Qd4 29. Qe1 h5 30. Bb2 Qe3 31. Qe2 a5 32. Ba3 a4 33. Bb2 axb3 34. axb3
Qxb3 35. f4 Rd1+ 0-1

[Event "Sunway Sitges Online KO"]
[Site "chess.com INT"]
[Date "2020.04.28"]
[Round "1.1"]
[White "Mehar, Chinna Reddy C.H."]
[Black "Kopylov, Daniel"]
[Result "1/2-1/2"]
[WhiteTitle "IM"]
[WhiteElo "2422"]
[BlackElo "2348"]
[WhiteFideId "5027420"]
[BlackFideId "12921971"]
[EventDate "2020.04.28"]

1. d4 Nf6 2. Nf3 g6 3. g3 Bg7 4. Bg2 d5 5. O-O O-O 6. c4 c6 7. cxd5 cxd5 8. Ne5
Ne4 9. Nc3 Nxc3 10. bxc3 Nc6 11. Nxc6 bxc6 12. Bf4 Qa5 13. Qd2 Bf5 14. h3 Be4
15. f3 Bf5 16. e4 Be6 17. e5 c5 18. Rab1 Rfc8 19. Rb2 cxd4 20. cxd4 Qxd2 21.
Bxd2 Rc4 22. Be3 Rac8 23. f4 Rc3 24. Bf2 Rc2 25. Rfb1 Rxb2 26. Rxb2 Bf5 27. g4
Be4 28. Bxe4 dxe4 29. Kf1 e6 30. Ke2 Bf8 31. Ke3 Rc3+ 32. Kxe4 Rxh3 33. Rb8 Kg7
34. Ra8 h5 35. gxh5 gxh5 36. Rxa7 Kg6 37. Ra8 Bh6 38. a4 Rh2 39. Bg3 Re2+ 40.
Kf3 Ra2 41. a5 Kf5 42. Rh8 Ra3+ 43. Kg2 Bxf4 44. Bxf4 Kxf4 45. Rh7 Ke4 46. Rxf7
Kxd4 47. Rf4+ Kxe5 48. Rh4 Kd5 49. Rxh5+ e5 50. Kf2 Rxa5 51. Ke3 Ra3+ 52. Ke2
Kd4 53. Rh8 Ra2+ 54. Ke1 Ke3 55. Rh3+ Kd4 56. Rh4+ e4 57. Rh3 e3 58. Rh8 1/2-1/2

[Event "Sunway Sitges Online KO"]
[Site "chess.com INT"]
[Date "2020.04.28"]
[Round "1.1"]
[White "Sattarov, Bobir"]
[Black "Espinoza Palomino, Willyam"]
[Result "1-0"]
[BlackTitle "IM"]
[WhiteElo "2459"]
[BlackElo "2400"]
[WhiteFideId "14203081"]
[BlackFideId "3804852"]
[EventDate "2020.04.28"]

1. e4 e5 2. Qf3 Nc6 3. Bc4 Nf6 4. Ne2 d6 5. h3 Be6 6. d3 Be7 7. c3 d5 8. Bb5
dxe4 9. dxe4 Qd6 10. O-O a6 11. Ba4 Bc4 12. Rd1 Qe6 13. Ng3 O-O 14. Nf5 Rfd8 15.
Re1 Bf8 16. Bg5 Rd3 17. Ne3 Rad8 18. Bc2 R3d7 19. Bxf6 gxf6 20. Nd5 Bxd5 21.
exd5 Qxd5 22. Be4 Qb5 23. Qf5 Bg7 24. Na3 Qxb2 25. Nc4 Qxc3 26. Rac1 Qb4 27. Ne3
Rd2 28. Qxh7+ Kf8 29. Nf5 Ke8 30. Qxg7 Qf8 31. Qxf6 Nd4 32. Qxe5+ 1-0

[Event "Sunway Sitges Online KO"]
[Site "chess.com INT"]
[Date "2020.04.28"]
[Round "1.1"]
[White "Shevchenko, Kirill"]
[Black "Reimanis, Ritvars"]
[Result "1-0"]
[WhiteTitle "GM"]
[BlackTitle "FM"]
[WhiteElo "2592"]
[BlackElo "2421"]
[WhiteFideId "14129574"]
[BlackFideId "11602988"]
[EventDate "2020.04.28"]

1. e4 c5 2. Nf3 Nc6 3. Nc3 Nf6 4. Bb5 Qc7 5. O-O Nd4 6. Re1 a6 7. Bf1 d6 8. Nxd4
cxd4 9. Ne2 Nxe4 10. Nxd4 Nf6 11. c4 e6 12. Nf3 d5 13. b3 Be7 14. Bb2 O-O 15.
Rc1 Qd8 16. d4 Bd7 17. Ne5 dxc4 18. bxc4 Rc8 19. Qb3 Rb8 20. a4 Qa5 21. d5 Bxa4
22. Qg3 Ne8 23. Ra1 Rd8 24. Bc3 Bb4 25. Bxb4 Qxb4 26. Reb1 Qa5 27. Rxb7 Nd6 28.
Nc6 Qc3 29. Qxc3 1-0

[Event "Sunway Sitges Online KO"]
[Site "chess.com INT"]
[Date "2020.04.28"]
[Round "1.1"]
[White "Vasquez Schroeder, Rodrigo"]
[Black "Nasuta, Grzegorz"]
[Result "1/2-1/2"]
[WhiteTitle "GM"]
[BlackTitle "GM"]
[WhiteElo "2441"]
[BlackElo "2558"]
[WhiteFideId "3400042"]
[BlackFideId "1141686"]
[EventDate "2020.04.28"]

1. e4 e5 2. Nf3 Nc6 3. Bb5 a6 4. Ba4 Nf6 5. O-O Be7 6. Re1 b5 7. Bb3 O-O 8. h3
Bb7 9. d3 d5 10. exd5 Nxd5 11. Nc3 Nxc3 12. bxc3 Bf6 13. Nd2 Na5 14. Ba3 Re8 15.
Ne4 Bxe4 16. Rxe4 g6 17. Qf3 Nxb3 18. axb3 Bg7 19. Rae1 Qd7 20. b4 a5 21. bxa5
Rxa5 22. Bb4 Raa8 23. Rb1 c6 24. Re2 f5 25. Bc5 Rad8 26. Ree1 Qd5 27. Qxd5+ Rxd5
28. Be3 Ra8 29. Ra1 Rdd8 30. Bc5 Kf7 31. Kf1 e4 32. Rxa8 Rxa8 33. dxe4 Bxc3 34.
Re3 Ra1+ 35. Ke2 Re1+ 36. Kd3 Rxe3+ 37. Bxe3 Bf6 38. exf5 gxf5 1/2-1/2

[Event "Sunway Sitges Online KO"]
[Site "chess.com INT"]
[Date "2020.04.28"]
[Round "1.1"]
[White "Yoo, Christopher Woojin"]
[Black "Kopylov, Michael"]
[Result "1-0"]
[WhiteTitle "IM"]
[BlackTitle "IM"]
[WhiteElo "2455"]
[BlackElo "2407"]
[WhiteFideId "30909694"]
[BlackFideId "14105080"]
[EventDate "2020.04.28"]

1. e4 Nf6 2. Nc3 d5 3. e5 Nfd7 4. d4 c5 5. e6 fxe6 6. Nf3 Nc6 7. dxc5 g6 8. Bb5
Bg7 9. O-O O-O 10. Be3 Qc7 11. Re1 Nde5 12. Nd4 Ng4 13. Qxg4 Nxd4 14. Bxd4 e5
15. Qg3 e6 16. Bxe5 Bxe5 17. Rxe5 Qxc5 18. Bf1 Bd7 19. h4 Qb4 20. Rb1 Rac8 21.
h5 Kg7 22. Rg5 Rf6 23. a3 Qb6 24. hxg6 hxg6 25. Bd3 Be8 26. Ne2 Qc7 27. Qxc7+
Rxc7 28. Nd4 Bd7 29. g3 Kf7 30. Re1 a6 31. f4 b5 32. Nf3 1-0

[Event "Sunway Sitges Online KO"]
[Site "chess.com INT"]
[Date "2020.04.28"]
[Round "1.2"]
[White "Anisimov, Pavel2"]
[Black "Bachmann, Axel"]
[Result "0-1"]
[WhiteTitle "GM"]
[BlackTitle "GM"]
[WhiteElo "2527"]
[BlackElo "2599"]
[WhiteFideId "4135229"]
[BlackFideId "3700488"]
[EventDate "2020.04.28"]

1. d4 Nf6 2. Bf4 e6 3. e3 d5 4. Nd2 Bd6 5. Bg3 O-O 6. Bd3 c5 7. c3 Qc7 8. dxc5
Qxc5 9. Ngf3 Nbd7 10. e4 dxe4 11. Nxe4 Nxe4 12. Bxe4 Bxg3 13. hxg3 Nf6 14. Qc2
h6 15. O-O Qc7 16. Rfe1 Bd7 17. Ne5 Rfd8 18. Bf3 Rac8 19. Qb3 Bc6 20. Nxc6 bxc6
21. Rad1 c5 22. Qc4 Qb6 23. b3 Qa5 24. a4 Qb6 25. Qb5 Qc7 26. b4 Rxd1 27. Rxd1
cxb4 28. cxb4 Rb8 29. Qc5 Qxc5 30. bxc5 Rc8 31. Rc1 Nd7 32. c6 Ne5 33. Be4 f5
34. f4 Ng4 35. Bf3 Nf6 36. Kf2 Kf8 37. Rc5 Ke7 38. Ra5 Rc7 39. Ke3 Kd6 40. Kd4
Ng8 41. Kc4 Ne7 42. Kb5 g5 43. Ra6 g4 44. Be2 Nxc6 45. Kc4 Rb7 46. a5 Rb4+ 47.
Kc3 Rb7 48. Bd1 Kc5 49. Bb3 Rc7 50. Bc4 Rb7 51. Bxe6 Nb4 52. Bc8 Rc7 53. Rxh6
Rxc8 54. Rh7 Nd5+ 55. Kd3 Rc7 56. Rh5 Ne7 57. Rh7 Nd5 58. Rh5 Ne7 59. Rg5 Rd7+
60. Ke2 Kb4 61. a6 Kb5 62. Rg7 Kxa6 0-1

[Event "Sunway Sitges Online KO"]
[Site "chess.com INT"]
[Date "2020.04.28"]
[Round "1.2"]
[White "Espinoza Palomino, Willyam"]
[Black "Sattarov, Bobir"]
[Result "0-1"]
[WhiteTitle "IM"]
[WhiteElo "2400"]
[BlackElo "2459"]
[WhiteFideId "3804852"]
[BlackFideId "14203081"]
[EventDate "2020.04.28"]

1. e4 e5 2. Nf3 Nc6 3. Bb5 a6 4. Ba4 Bc5 5. c3 Qf6 6. d3 h6 7. Nbd2 Nge7 8. Nf1
d6 9. h3 Ng6 10. Ng3 Nh4 11. Nxh4 Qxf2# 0-1

[Event "Sunway Sitges Online KO"]
[Site "chess.com INT"]
[Date "2020.04.28"]
[Round "1.2"]
[White "Kopylov, Daniel"]
[Black "Mehar, Chinna Reddy C.H."]
[Result "0-1"]
[BlackTitle "IM"]
[WhiteElo "2348"]
[BlackElo "2422"]
[WhiteFideId "12921971"]
[BlackFideId "5027420"]
[EventDate "2020.04.28"]

1. e4 c5 2. Nf3 d6 3. d4 cxd4 4. Nxd4 Nf6 5. Nc3 Nc6 6. Bg5 e6 7. Qd2 a6 8.
O-O-O Bd7 9. Nxc6 Bxc6 10. Qe1 Qc7 11. Nd5 Bxd5 12. exd5 Rc8 13. Qe2 e5 14. g3
Be7 15. Bh3 Rd8 16. Kb1 O-O 17. Rhe1 Rfe8 18. f4 Qa5 19. fxe5 dxe5 20. d6 Rxd6
21. Rxd6 Bxd6 22. Bxf6 gxf6 23. Bf5 Rd8 24. Rd1 Bc5 25. Qg4+ Kf8 26. Bxh7 Rxd1+
27. Qxd1 Qb6 28. c3 Qc6 29. Bf5 Qg2 30. h4 Qxg3 31. h5 Kg7 32. a3 b6 33. Bd3 a5
34. Qf1 Qg5 35. Qf3 Kh6 36. Be2 f5 37. Qa8 Kg7 38. Qd5 e4 39. Qe5+ Qf6 40. h6+
Kg6 41. Bh5+ Kg5 42. Qxf6+ Kxf6 43. Kc2 Be3 44. h7 Kg7 45. Bxf7 Kxh7 46. b4 axb4
47. cxb4 Kg7 48. Bd5 Kf6 49. a4 Ke5 50. Bc6 f4 51. Kd1 f3 52. a5 bxa5 53. bxa5
Kf4 54. Ke1 Bc5 55. Kf1 e3 56. Bb5 Ke5 57. a6 Kd4 58. Ke1 Kc3 59. Bd7 Kc2 60.
Bg4 Bb4+ 61. Kf1 e2+ 62. Kf2 e1=Q+ 63. Kxf3 Bc5 0-1

[Event "Sunway Sitges Online KO"]
[Site "chess.com INT"]
[Date "2020.04.28"]
[Round "1.2"]
[White "Kopylov, Michael"]
[Black "Yoo, Christopher Woojin"]
[Result "1-0"]
[WhiteTitle "IM"]
[BlackTitle "IM"]
[WhiteElo "2407"]
[BlackElo "2455"]
[WhiteFideId "14105080"]
[BlackFideId "30909694"]
[EventDate "2020.04.28"]

1. d4 Nf6 2. c4 g6 3. g3 Bg7 4. Bg2 d5 5. cxd5 Nxd5 6. Nf3 Nb6 7. Nc3 Nc6 8. O-O
O-O 9. d5 Na5 10. Qc2 c6 11. dxc6 Nxc6 12. Rd1 Qe8 13. Qe4 h5 14. Bg5 Bf5 15.
Qf4 f6 16. Bh6 e5 17. Qc1 g5 18. Bxg7 Kxg7 19. Nb5 Qe7 20. Nd6 Bg6 21. Qc5 Rad8
22. Nxg5 fxg5 23. Bxc6 Qf6 24. Bxb7 Na4 25. Qxa7 Nxb2 26. Bf3+ Kh6 27. Ne4 Rxd1+
28. Rxd1 Bxe4 29. Bxe4 Rf7 30. Rd7 Rxd7 31. Qxd7 g4 32. Qf5 Qxf5 33. Bxf5 Kg5
34. Bc2 h4 35. a4 Nc4 36. Kf1 e4 37. Ke1 e3 38. Bd3 exf2+ 39. Kxf2 Nb2 40. a5
Na4 41. a6 Nb6 42. a7 Kf6 43. Be4 Ke5 44. a8=Q Nxa8 45. Bxa8 h3 46. Ke3 Kf5 47.
Be4+ Kg5 48. Kd4 Kf6 49. Bd3 Ke7 1-0

[Event "Sunway Sitges Online KO"]
[Site "chess.com INT"]
[Date "2020.04.28"]
[Round "1.2"]
[White "Nasuta, Grzegorz"]
[Black "Vasquez Schroeder, Rodrigo"]
[Result "0-1"]
[WhiteTitle "GM"]
[BlackTitle "GM"]
[WhiteElo "2558"]
[BlackElo "2441"]
[WhiteFideId "1141686"]
[BlackFideId "3400042"]
[EventDate "2020.04.28"]

1. e4 c5 2. Nf3 d6 3. d4 cxd4 4. Nxd4 Nf6 5. Nc3 a6 6. h3 e6 7. g4 h6 8. Bg2 g5
9. b3 Nbd7 10. Bb2 Ne5 11. Qd2 b5 12. O-O-O Bb7 13. Nce2 Qb6 14. f4 gxf4 15.
Nxf4 Be7 16. Rhe1 O-O-O 17. Kb1 Kb8 18. Qe2 Rc8 19. Nd3 Nfd7 20. Nf3 Qc7 21. Rc1
Rh7 22. Rf1 Ng6 23. c4 Qb6 24. cxb5 Qxb5 25. Rxc8+ Kxc8 26. Rc1+ Kb8 27. Nd4 Qb6
28. e5 d5 29. Bh1 Nc5 30. Nxc5 Bxc5 31. Qd3 Rg7 32. Nf3 Rg8 33. h4 Nf4 34. Qc2
Rc8 35. Qh7 Qb5 36. a4 Qd3+ 37. Qxd3 Nxd3 38. Rc2 Nb4 39. Rc1 Be3 40. Rxc8+ Kxc8
41. Ne1 Bf2 42. Nf3 d4 43. Bg2 Be4+ 44. Kc1 Nd3+ 45. Kc2 Nf4+ 46. Kd1 Nxg2 47.
Nxd4 Bxd4 48. Bxd4 Bf3+ 49. Kd2 Bxg4 50. Bf2 Nf4 51. Be3 Ng6 52. Bxh6 Nxh4 53.
Kc3 Nf3 54. Bg7 Kc7 55. b4 Bh3 56. Kc4 Bf1+ 57. Kc5 Nd2 58. b5 axb5 59. axb5
Nb3+ 60. Kb4 Nd4 61. Kc5 Nxb5 62. Bf6 Kd7 63. Kb6 Nc7 64. Kc5 Nd5 65. Bg7 Nf4
66. Bf6 Nd3+ 67. Kb6 Nf2 68. Bg7 Ne4 69. Bh8 Ke7 70. Bg7 Ng3 71. Kc5 Nf5 72.
Bf6+ Kf8 73. Kb4 Kg8 74. Kc3 Kh7 75. Kd2 Kg6 76. Ke1 Bg2 77. Kf2 Be4 78. Ke2 Kh5
79. Kd2 Kg4 80. Kc3 Kf4 81. Kc4 Bd5+ 82. Kc5 Ke4 83. Bh8 Kf4 84. Bf6 Ne3 85. Kd4
Ng4 86. Bh8 Kf5 87. Bg7 Kg6 88. Bf8 Nh6 89. Kc5 Nf5 90. Kb4 Kg5 91. Kc5 Kf4 92.
Bd6 Bb3 93. Bc7 Ke4 94. Bb8 Ne3 95. Kd6 Ng4 96. Ke7 Nxe5 97. Bc7 f5 98. Kf6 Nc6
99. Kg5 e5 0-1

[Event "Sunway Sitges Online KO"]
[Site "chess.com INT"]
[Date "2020.04.28"]
[Round "1.2"]
[White "Reimanis, Ritvars"]
[Black "Shevchenko, Kirill"]
[Result "0-1"]
[WhiteTitle "FM"]
[BlackTitle "GM"]
[WhiteElo "2421"]
[BlackElo "2592"]
[WhiteFideId "11602988"]
[BlackFideId "14129574"]
[EventDate "2020.04.28"]

1. d4 Nf6 2. c4 g6 3. Nc3 d5 4. cxd5 Nxd5 5. e4 Nxc3 6. bxc3 Bg7 7. Be3 c5 8.
Qd2 Qa5 9. Rc1 O-O 10. Nf3 Nd7 11. Bd3 e5 12. d5 f5 13. Qe2 Nf6 14. Nxe5 Nxe4
15. f4 b5 16. O-O Nxc3 17. Qd2 b4 18. Bc4 Ba6 19. Bxa6 Qxa6 20. Bxc5 Ne2+ 21.
Kh1 Nxc1 22. Rxc1 Rfc8 23. Qxb4 Rab8 24. Qd4 Rb5 25. h3 Rbxc5 26. Rxc5 Qf1+ 27.
Kh2 Rxc5 28. d6 Qxf4+ 0-1

[Event "Sunway Sitges Online KO"]
[Site "chess.com INT"]
[Date "2020.04.28"]
[Round "1.2"]
[White "Thybo, Jesper Sondergaard"]
[Black "Adly, Ahmed"]
[Result "0-1"]
[WhiteTitle "GM"]
[BlackTitle "GM"]
[WhiteElo "2590"]
[BlackElo "2615"]
[WhiteFideId "1438832"]
[BlackFideId "10601619"]
[EventDate "2020.04.28"]

1. d4 Nf6 2. c4 e6 3. g3 Bb4+ 4. Bd2 Qe7 5. Bg2 O-O 6. Nf3 Bxd2+ 7. Qxd2 d6 8.
Nc3 e5 9. O-O c6 10. dxe5 dxe5 11. Rfd1 Bg4 12. Qd6 Qxd6 13. Rxd6 Bxf3 14. Bxf3
Na6 15. Rad1 Rfe8 16. Ne4 Nxe4 17. Bxe4 Nc5 18. Bc2 a5 19. b3 Kf8 20. a3 g6 21.
h4 Ne6 22. e3 Red8 23. Rxd8+ Rxd8 24. Rxd8+ Nxd8 25. b4 axb4 26. axb4 Ke7 27. g4
h6 28. Kf1 b6 29. Ke2 c5 30. bxc5 bxc5 31. Be4 Ne6 32. Bd5 Nc7 33. Bb7 f5 34.
gxf5 gxf5 35. f4 e4 36. Bc8 Kf6 37. Kd2 Ne8 38. Kc3 Nd6 39. Bd7 Ke7 40. Bc6 Kd8
41. Bd5 Kc7 42. Be6 Kd8 43. Kb3 Ke7 44. Bd5 Ne8 45. Kc3 Nf6 46. Bb7 Kd7 47. Ba6
Ng4 48. Kd2 Nh2 49. Ke2 Nf3 50. Bb5+ Ke7 51. h5 Nh2 52. Ba6 Kd8 53. Bb7 Ng4 54.
Bd5 Ke7 55. Bb7 Nf6 56. Bc8 Nxh5 57. Kf2 Ng7 58. Kg3 Kd8 59. Bb7 Kc7 60. Bd5 Kb6
61. Bf7 Ka5 62. Kh4 Kb4 63. Kg3 Kc3 64. Kf2 Kd2 65. Bd5 Ne8 66. Bf7 Nd6 67. Be6
Kd3 0-1

[Event "Sunway Sitges Online KO"]
[Site "chess.com INT"]
[Date "2020.04.28"]
[Round "1.2"]
[White "Vrolijk, Liam"]
[Black "Das, Sayantan"]
[Result "1-0"]
[WhiteTitle "IM"]
[BlackTitle "IM"]
[WhiteElo "2502"]
[BlackElo "2431"]
[WhiteFideId "1048333"]
[BlackFideId "5034426"]
[EventDate "2020.04.28"]

1. d4 Nf6 2. c4 g6 3. Nc3 Bg7 4. e4 O-O 5. Be2 d6 6. h4 e5 7. d5 Na6 8. h5 Nc5
9. h6 Bh8 10. Bg5 c6 11. b4 Na6 12. a3 Nc7 13. Nf3 a5 14. Nd2 Bd7 15. O-O Qc8
16. Rc1 axb4 17. axb4 Ra3 18. Ndb1 Ra1 19. c5 dxc5 20. bxc5 cxd5 21. exd5 e4 22.
Bxf6 Bxf6 23. Nxe4 Be5 24. Nbc3 Rxc1 25. Qxc1 Bf5 26. d6 Bxe4 27. Nxe4 Ne6 28.
g3 Qc6 29. Bf3 Nd4 30. Nf6+ Bxf6 31. Bxc6 Ne2+ 32. Kg2 Nxc1 33. Bxb7 Nb3 34. c6
Na5 35. c7 Nxb7 36. d7 Nd6 37. Rd1 Nc8 38. d8=Q 1-0

[Event "Sunway Sitges Online KO"]
[Site "chess.com INT"]
[Date "2020.04.28"]
[Round "1.3"]
[White "Yoo, Christopher Woojin"]
[Black "Kopylov, Michael"]
[Result "1-0"]
[WhiteTitle "IM"]
[BlackTitle "IM"]
[WhiteElo "2455"]
[BlackElo "2407"]
[WhiteFideId "30909694"]
[BlackFideId "14105080"]
[EventDate "2020.04.28"]

1. e4 Nf6 2. e5 Nd5 3. d4 d6 4. Nf3 Bg4 5. Be2 e6 6. O-O Be7 7. h3 Bh5 8. c4 Nb6
9. b3 Nc6 10. exd6 cxd6 11. Bb2 d5 12. c5 Nc8 13. a3 Bxf3 14. Bxf3 Bf6 15. b4 a6
16. Re1 O-O 17. Qd3 N8e7 18. Nd2 Qc7 19. Re2 Nf5 20. Nb3 g6 21. Bc3 Rfe8 22. Rd1
Rad8 23. Bg4 Qf4 24. Bd2 Qc7 25. Bc3 Qf4 26. a4 h5 27. Bxf5 gxf5 28. b5 axb5 29.
axb5 Ne7 30. Na5 Qc7 31. b6 Qd7 32. Rb1 Nc6 33. Nxc6 Qxc6 34. Ra2 Ra8 35. Rba1
Rxa2 36. Rxa2 Kg7 37. Qg3+ Kh7 38. Qf3 Kg6 39. Qe2 h4 40. Ba1 Rg8 41. Ra3 Re8
42. g3 e5 43. dxe5 Qxc5 44. Rc3 Qxb6 45. Rc1 1-0

[Event "Sunway Sitges Online KO"]
[Site "chess.com INT"]
[Date "2020.04.28"]
[Round "2.1"]
[White "Adly, Ahmed"]
[Black "Sattarov, Bobir"]
[Result "1-0"]
[WhiteTitle "GM"]
[WhiteElo "2615"]
[BlackElo "2459"]
[WhiteFideId "10601619"]
[BlackFideId "14203081"]
[EventDate "2020.04.28"]

1. Nf3 Nf6 2. d4 g6 3. c4 c5 4. g3 Bg7 5. Bg2 O-O 6. O-O d6 7. dxc5 dxc5 8. Ne5
Nbd7 9. Nd3 Nb6 10. Na3 Ne8 11. Qb3 Bg4 12. Nxc5 Nd6 13. Nxb7 Nxb7 14. Bxb7 Rb8
15. Bf3 Be6 16. Bf4 Rc8 17. Rfd1 Qe8 18. Rac1 Na4 19. Rd2 Nc5 20. Qb5 Bd7 21.
Qa5 Bc6 22. b4 Bxf3 23. exf3 Ne6 24. Be3 Qc6 25. f4 a6 26. Rcd1 h5 27. h4 Rb8
28. Rd3 Rfc8 29. f5 g5 30. fxe6 1-0

[Event "Sunway Sitges Online KO"]
[Site "chess.com INT"]
[Date "2020.04.28"]
[Round "2.1"]
[White "Mehar, Chinna Reddy C.H."]
[Black "Vrolijk, Liam"]
[Result "1/2-1/2"]
[WhiteTitle "IM"]
[BlackTitle "IM"]
[WhiteElo "2422"]
[BlackElo "2502"]
[WhiteFideId "5027420"]
[BlackFideId "1048333"]
[EventDate "2020.04.28"]

1. d4 Nf6 2. Nf3 d5 3. c4 e6 4. Nc3 Be7 5. cxd5 exd5 6. Bf4 c6 7. e3 Bf5 8. Bd3
Bxd3 9. Qxd3 O-O 10. h3 Bd6 11. Bxd6 Qxd6 12. O-O Nbd7 13. Rab1 a5 14. Rfc1 Rfe8
15. Nd2 g6 16. Na4 Kg7 17. Nb3 Ne4 18. Nbc5 Ndxc5 19. Nxc5 Nxc5 20. Rxc5 b6 21.
Rc2 Rec8 22. Rbc1 Rc7 23. Qb3 Rb8 24. Rc3 h5 25. Qc2 Rbc8 26. Qd3 Ra8 27. Rb3
Rb7 28. Qe2 Kg8 29. Rbc3 Rc7 30. Qc2 Rac8 31. Qa4 Kg7 32. a3 Kg8 33. Qc2 Kg7 34.
Qb1 Kg8 35. Qd3 Ra8 36. Rb3 Rb7 37. Qe2 Kg7 38. Qf3 Kg8 39. g3 Kg7 40. Kg2 Rc8
41. Rbc3 Rbc7 42. Qf4 Qxf4 43. gxf4 Kf6 44. b4 axb4 45. axb4 Ke6 46. Ra3 c5 47.
bxc5 bxc5 48. Ra6+ Ke7 49. dxc5 Rxc5 50. Rxc5 Rxc5 51. Kf3 Rc4 52. Rb6 d4 53.
Rb7+ Ke6 54. Rb6+ Ke7 55. Rb7+ Ke6 56. Rb6+ Ke7 1/2-1/2

[Event "Sunway Sitges Online KO"]
[Site "chess.com INT"]
[Date "2020.04.28"]
[Round "2.1"]
[White "Shevchenko, Kirill"]
[Black "Yoo, Christopher Woojin"]
[Result "0-1"]
[WhiteTitle "GM"]
[BlackTitle "IM"]
[WhiteElo "2592"]
[BlackElo "2455"]
[WhiteFideId "14129574"]
[BlackFideId "30909694"]
[EventDate "2020.04.28"]

1. e4 c5 2. Nf3 d6 3. d4 cxd4 4. Nxd4 Nf6 5. Nc3 Nc6 6. Bg5 e6 7. Qd3 a6 8. Nxc6
bxc6 9. O-O-O d5 10. Qe3 Be7 11. exd5 Ng4 12. Qe2 Bxg5+ 13. Kb1 cxd5 14. Qxg4
O-O 15. Bd3 Bf6 16. Na4 Rb8 17. c3 Qa5 18. Bc2 Bd7 19. Bb3 Rfd8 20. Rd2 d4 21.
Qd1 Bxa4 22. Bxa4 dxc3 23. Rxd8+ Rxd8 24. Qb3 cxb2 25. Qc2 g6 26. g4 Rd2 27.
Qc8+ Kg7 28. Bc2 Qd5 29. Re1 Rxf2 30. h4 Bxh4 31. Rd1 Qe5 32. Qxa6 Bg5 33. Qc4
Qe3 34. Qb3 Qc1+ 0-1

[Event "Sunway Sitges Online KO"]
[Site "chess.com INT"]
[Date "2020.04.28"]
[Round "2.1"]
[White "Vasquez Schroeder, Rodrigo"]
[Black "Bachmann, Axel"]
[Result "1-0"]
[WhiteTitle "GM"]
[BlackTitle "GM"]
[WhiteElo "2441"]
[BlackElo "2599"]
[WhiteFideId "3400042"]
[BlackFideId "3700488"]
[EventDate "2020.04.28"]

1. e4 e5 2. Nf3 Nc6 3. Bc4 Bc5 4. c3 Nf6 5. d3 a6 6. a4 Ba7 7. O-O d6 8. Nbd2
Ne7 9. d4 Ng6 10. Re1 O-O 11. Bb3 h6 12. h3 Re8 13. Bc2 Nh5 14. Nf1 Nhf4 15. Ng3
Nh4 16. Bxf4 exf4 17. Nh5 c5 18. dxc5 Bxc5 19. Nxf4 Qf6 20. Nd5 Nxf3+ 21. Qxf3
Qxf3 22. gxf3 Re5 23. f4 Rh5 24. Ne7+ Kf8 25. Nxc8 Rxc8 26. Kg2 Rh4 27. Kg3 g5
28. fxg5 hxg5 29. Bd1 Rf4 30. f3 Kg7 31. Be2 Rh8 32. Rad1 Rh6 33. Rd5 Rg6 34.
Red1 Ba7 35. Rxd6 Rxd6 36. Rxd6 Bb8 37. Rd8 Bc7 38. Rd7 Be5 39. Kg2 Rf6 40. Rxb7
Rd6 41. Kf1 Bf4 42. Bc4 Rd1+ 43. Ke2 Rd2+ 44. Ke1 Rh2 45. Rxf7+ Kg6 46. Ra7 Rxb2
47. Rxa6+ Kh5 48. Ra5 Rb1+ 49. Kf2 Rb2+ 50. Be2 Ra2 51. Ra6 Be5 52. f4+ 1-0